000 00870nam a22002055i 4500
001 166026
003 ES-MaACL
005 20250726063043.0
008 050919s1883 it | |||||||| ||ita d
040 _aCAM
_bspa
_cCAM
100 1 _aTaramelli, Torquato,
_d1845-1922
_9224308
245 1 0 _aCommemorazione del Cav. Camillo Marioni /
_cletta dal socio Taramelli Torquato.
260 _aMilano :
_b[s.n.],
_c1883 (
_fTip. Bernardoni di C. Rebeschini e C.)
300 _a12 p. ;
_c24 cm.
594 _aTit. tomado de la primera pag.
596 _aEstratto degli Atti della Società Italiana di scienze naturali, vol. XXVI.
600 1 4 _aMarioni, Camillo-
_xHomenajes.
_9129507
852 _aES-MaACL
_jT-899-F-14
_z-- Enc. hol., falto de la enc. original
_z-- Legado de Federico de Botella y de Hornos
_z-- Enc. en un vol. facticio
999 _c166026
_d166026